Największe miasta w Turcji zawierające literę - Statystyki

Ogólne statystyki
  • Ten quiz został rozwiązany 109 razy
  • Średni wynik to 13 z 28
Statystyki odpowiedzi
Litera Miasto % Poprawnych
A Stambuł
98%
B Stambuł
98%
Ł Stambuł
98%
M Stambuł
98%
S Stambuł
98%
T Stambuł
98%
U Stambuł
98%
K Ankara
97%
N Ankara
97%
R Ankara
97%
I / İ Izmir
60%
Z Izmir
60%
L Antalya
54%
O Konya
27%
Y Konya
27%
D Adana
23%
E Gaziantep
23%
G Gaziantep
23%
P Gaziantep
23%
V Van
14%
H Eskişehir
6%
Ş Eskişehir
6%
Ç Çorlu
5%
Ü Kütahya
3%
Ğ Elazığ
2%
Ö Bingöl
0%
C Düzce
0%
F Şanlıurfa
0%
Nie znaleziono quizów pasujących do podanych kryteriów
Rozkład punktacji
Procent ludzi z każdym wynikiem
Percentyl według liczby udzielonych odpowiedzi
Twoja historia wyników
Nie rozwiązałeś tego quizu